Right to light (Record no. 121320)

MARC details
000 -LEADER
fixed length control field 00979nam a22002297a 4500
008 - FIXED-LENGTH DATA ELEMENTS--GENERAL INFORMATION
fixed length control field 230118s2022 xxk|||||o|||| 00| 0 eng d
041 ## - LANGUAGE CODE
Language code of text/sound track or separate title eng
110 ## - MAIN ENTRY--CORPORATE NAME
Corporate author Royal Institution of Chartered Surveyors
245 ## - TITLE STATEMENT
Title Right to light
Subtitle A clear impartial guide
Medium [Electronic resource]
260 ## - PUBLICATION INFORMATION
Place of publication London,
Publisher Royal Institution of Chartered Surveyors,
Date 18 April 2022
300 ## - PHYSICAL DESCRIPTION
Physical description 10p.
490 ## - SERIES TITLE
Series statement RICS Consumer Guide
520 ## - ABSTRACT
Abstract This guide is aimed at the homeowner to assist them on whether or not their right to light is being affected, and if you think it is, what can be done about it.
650 ## - KEYWORDS
Keywords Rights of light
650 ## - KEYWORDS
Keywords Boundary disputes
651 ## - SUBJECT ADDED ENTRY--GEOGRAPHIC NAME
Geographic name United Kingdom
690 ## - BROAD SUBJECT
9 (RLIN) 6266
Broad subject Residential property
690 ## - BROAD SUBJECT
9 (RLIN) 6221
Broad subject Boundary disputes
710 ## - ADDED CORPORATE NAME
Added corporate author Royal Institution of Chartered Surveyors
856 ## - ONLINE RESOURCE
Uniform Resource Identifier <a href="https://www.ricsfirms.com/media/1296/right-to-light-consumer-guide-2022.pdf">https://www.ricsfirms.com/media/1296/right-to-light-consumer-guide-2022.pdf</a>
Public note Available on rics.org/consumerguides
942 ## - ADDED ENTRY ELEMENTS (KOHA)
Suppress in OPAC Do not suppress in OPAC
Holdings
Lost status Damaged status Not for loan Home library Current library Shelving location Date acquired Total Checkouts Date last seen Price effective from Koha item type
      Virtual Virtual Online 18/01/2023   18/01/2023 18/01/2023 Online material